[Event "ICS rated standard match"]
[Site "204.178.125.65"]
[Date "2001.01.15"]
[Round "?"]
[White "BrazilianMaster"]
[Black "Hossa"]
[Result "1-0"]
[WhiteElo "2641"]
[BlackElo "2333"]
[PlyCount "105"]
[EventDate "2001.??.??"]

1. d4 Nf6 2. c4 e6 3. Nc3 Bb4 4. Qc2 c5 5. dxc5 O-O 6. a3 Bxc5 7. Nf3 d5 8.
cxd5 exd5 9. Bg5 Qb6 10. e3 Ne4 11. Rc1 Nxc3 12. Qxc3 Bd6 13. Qxc8 Rxc8 14.
Rxc8+ Bf8 15. Bd3 Qxb2 16. O-O Qxa3 17. Rd1 Qa4 18. Be2 Qa2 19. Re1 d4 20. Nxd4
Qa5 21. Nf3 Qb4 22. Rd1 a6 23. Bf4 Qb2 24. Kf1 g6 25. Bh6 Qa3 26. Rdd8 Nc6 27.
Rxa8 Nxd8 28. Rxd8 Qe7 29. Rxf8+ Qxf8 30. Bxf8 Kxf8 31. Nd2 Ke7 32. Bf3 b5 33.
Bb7 a5 34. Bc6 b4 35. Nc4 f5 36. Ke2 Ke6 37. Kd3 a4 38. Bxa4 Kd5 39. f3 Kc5 40.
e4 f4 41. e5 Kd5 42. Bd7 b3 43. e6 b2 44. Kc2 Kxc4 45. e7 Kc5 46. Kxb2 Kd6 47.
e8=Q Kc7 48. Qc8+ Kd6 49. Qc6+ Ke7 50. Qe6+ Kd8 51. Qd6 g5 52. Bg4+ Ke8 53.
Bh5# {Hossa checkmated} 1-0

[Event "ICS rated blitz match"]
[Site "204.178.125.65"]
[Date "2001.01.15"]
[Round "?"]
[White "missevening"]
[Black "Hossa"]
[Result "0-1"]
[WhiteElo "1906"]
[BlackElo "2575"]
[PlyCount "60"]
[EventDate "2001.??.??"]

1. c4 e5 2. Nc3 d6 3. g3 Nc6 4. Bg2 Nf6 5. e4 Be7 6. Nge2 O-O 7. d3 Nd7 8. O-O
f5 9. f4 fxe4 10. dxe4 Nc5 11. Nd5 Bg4 12. h3 Bxe2 13. Qxe2 Nd4 14. Qd1 c6 15.
Nc3 Qb6 16. b3 Ndxb3 17. axb3 Nxb3+ 18. Kh2 Nxa1 19. Ba3 exf4 20. gxf4 Nb3 21.
Bxd6 Rad8 22. e5 Bxd6 23. exd6 Qb4 24. Ne4 Qxc4 25. Qb1 Rd7 26. Qa2 a5 27. Rb1
a4 28. Rb2 Rxf4 29. Rc2 Qb4 30. Re2 b5 {missevening resigns} 0-1

[Event "ICS rated standard match"]
[Site "204.178.125.65"]
[Date "2001.01.15"]
[Round "?"]
[White "Hossa"]
[Black "BrazilianMaster"]
[Result "1/2-1/2"]
[WhiteElo "2328"]
[BlackElo "2650"]
[PlyCount "209"]
[EventDate "2001.??.??"]

1. d4 Nf6 2. c4 e6 3. Nc3 Bb4 4. e3 O-O 5. Bd3 d5 6. cxd5 exd5 7. Nge2 Re8 8.
Bd2 c6 9. O-O Bd6 10. Ng3 Ng4 11. Qf3 Nxh2 12. Qh5 Nxf1 13. Qxh7+ Kf8 14. Nxf1
Nd7 15. e4 Nf6 16. Qh8+ Ke7 17. Qxg7 Rg8 18. Qh6 Rh8 19. Qe3 dxe4 20. Nxe4 Nxe4
21. Bxe4 Kf8 22. g3 Be6 23. Qf3 Qe7 24. d5 cxd5 25. Bxd5 Bxd5 26. Qxd5 Be5 27.
Qe4 f6 28. Bb4 Bd6 29. Bxd6 Qxd6 30. Qxb7 Rb8 31. Qxa7 Rxb2 32. Rc1 Rb8 33. Ne3
Rh5 34. Rd1 Qb6 35. Qd7 Qb7 36. Qd6+ Kf7 37. Nd5 Rh6 38. Kg2 Rc8 39. Rh1 Rxh1
40. Qxf6+ Kg8 41. Qe6+ Kh8 42. Kxh1 Rc5 43. Qe8+ Kg7 44. Qe5+ Kg8 45. Qg5+ Kh7
46. Qe7+ Qxe7 47. Nxe7 Kh6 48. f4 Kh5 49. Kg2 Kg4 50. Kf2 Rc3 51. Nd5 Rf3+ 52.
Ke2 Rxg3 53. a3 Rxa3 54. Ne3+ Kxf4 55. Nd5+ Ke5 56. Nb4 Rb3 57. Nc2 Ke4 58. Kf1
Rb2 59. Ne1 Rh2 60. Kg1 Rd2 61. Kf1 Kf4 62. Ng2+ Kg3 63. Ne1 Rf2+ 64. Kg1 Ra2
65. Kf1 Rd2 66. Kg1 Kf4 67. Kf1 Ke4 68. Ng2 Rc2 69. Ne1 Rb2 70. Ng2 Ra2 71. Nh4
Kf4 72. Ng2+ Kf3 73. Nh4+ Kg4 74. Ng2 Rb2 75. Ne3+ Kf3 76. Nd1 Re2 77. Nc3 Rc2
78. Nd1 Rd2 79. Ke1 Re2+ 80. Kf1 Re5 81. Nc3 Re3 82. Nd1 Re6 83. Nc3 Re5 84.
Nd1 Re7 85. Nc3 Rc7 86. Ne2 Ke3 87. Ng3 Rc5 88. Ne2 Rc2 89. Ng1 Rf2+ 90. Ke1
Rb2 91. Kf1 Rh2 92. Ke1 Ra2 93. Kf1 Ra4 94. Kg2 Rg4+ 95. Kf1 Rg7 96. Ne2 Rb7
97. Ng1 Rb2 98. Nh3 Rb4 99. Kg2 Rg4+ 100. Kf1 Rh4 101. Ng1 Rf4+ 102. Kg2 Rf2+
103. Kg3 Ra2 104. Nh3 Kd4 105. Nf4 {Game drawn by the 50 move rule} 1/2-1/2

[Event "ICS rated standard match"]
[Site "204.178.125.65"]
[Date "2001.01.15"]
[Round "?"]
[White "Bootemout"]
[Black "Hossa"]
[Result "1-0"]
[WhiteElo "2031"]
[BlackElo "2340"]
[PlyCount "131"]
[EventDate "2001.??.??"]

1. d4 Nf6 2. Nf3 e6 3. Bg5 d6 4. e4 h6 5. Bxf6 gxf6 6. g3 e5 7. c3 Bg7 8. Bg2
f5 9. exf5 O-O 10. dxe5 dxe5 11. Qxd8 Rxd8 12. g4 Nd7 13. O-O Nc5 14. Na3 e4
15. Nd4 Nd3 16. Bxe4 Nxb2 17. Rab1 Bxd4 18. cxd4 Rxd4 19. f3 Nc4 20. Nxc4 Rxc4
21. Rfd1 Kg7 22. Rd8 Rc3 23. h4 Rc5 24. Kg2 Ra5 25. Rb2 c6 26. Kg3 f6 27. Rbd2
Re5 28. Kf4 Re7 29. g5 fxg5+ 30. hxg5 hxg5+ 31. Kxg5 Re5 32. Rg2 Kf7 33. Kf4
Re8 34. Rxe8 Kxe8 35. Rg7 Kf8 36. Rc7 a5 37. a4 Rb8 38. Kg5 Ke8 39. Rh7 Kd8 40.
f6 Be6 41. Rh8+ Kc7 42. Rxb8 Kxb8 43. Bg6 b5 44. f7 Bxf7 45. Bxf7 bxa4 46. f4
Kc7 47. f5 Kd6 48. Kg6 Ke7 49. Kg7 Kd6 50. f6 c5 51. Bc4 Ke5 52. f7 Kd4 53. Ba2
Kc3 54. f8=Q Kd4 55. Qd8+ Ke5 56. Qxa5 Kd6 57. Qxa4 Kc7 58. Kf7 Kd6 59. Kf6 Kc7
60. Bd5 Kb6 61. Ke6 c4 62. Qb4+ Ka6 63. Bxc4+ Ka7 64. Kd6 Ka8 65. Kc7 Ka7 66.
Qa5# {Hossa checkmated} 1-0

[Event "ICS rated standard match"]
[Site "204.178.125.65"]
[Date "2001.01.15"]
[Round "?"]
[White "Hossa"]
[Black "BrazilianMaster"]
[Result "0-1"]
[WhiteElo "2313"]
[BlackElo "2642"]
[PlyCount "118"]
[EventDate "2001.??.??"]

1. e4 c5 2. c3 Nf6 3. e5 Nd5 4. d4 cxd4 5. Nf3 Nc6 6. cxd4 e6 7. Nc3 Nxc3 8.
bxc3 d6 9. exd6 Bxd6 10. Bd3 Ne7 11. Qc2 Bd7 12. O-O Bc6 13. Ne5 Bxe5 14. dxe5
Qd5 15. f4 Rd8 16. Rf3 Ng6 17. Rh3 Rd7 18. a4 O-O 19. Ba3 Nxf4 20. Bxh7+ Kh8
21. Rh4 Qxg2+ 22. Qxg2 Nxg2 23. Rh5 Nf4 24. Rh4 g5 25. Rxf4 gxf4 26. Bxf8 Kxh7
27. Bc5 Rd2 28. h4 a6 29. Bb6 Rg2+ 30. Kf1 Rh2 31. Bg1 Rxh4 32. Ra2 Kg6 33. Rh2
Rg4 34. Bd4 a5 35. Rh8 Kf5 36. Ra8 b5 37. Ra7 bxa4 38. Rxf7+ Ke4 39. Ra7 Rh4
40. Rxa5 Rh1+ 41. Kf2 Ra1 42. Bc5 Bd5 43. Be7 Ra2+ 44. Ke1 f3 45. Bc5 Bb3 46.
Ra7 a3 47. c4 Re2+ 48. Kf1 a2 49. Bf2 Rc2 50. Kg1 Rxc4 51. Be1 Ra4 52. Rxa4+
Bxa4 53. Bc3 Ke3 54. Kh2 f2 55. Kh3 f1=Q+ 56. Kg3 Qf4+ 57. Kg2 Qg4+ 58. Kf1
Bb5+ 59. Ke1 Qg1# {Hossa checkmated} 0-1

[Event "ICS rated blitz match"]
[Site "204.178.125.65"]
[Date "2001.01.15"]
[Round "?"]
[White "Hossa"]
[Black "shally"]
[Result "1-0"]
[WhiteElo "2576"]
[BlackElo "2287"]
[PlyCount "41"]
[EventDate "2001.??.??"]

1. e4 c5 2. Ne2 Nc6 3. d4 cxd4 4. Nxd4 e5 5. Nxc6 bxc6 6. Bd3 d5 7. exd5 cxd5
8. Bb5+ Ke7 9. Bc6 Be6 10. Bxa8 Qxa8 11. O-O Nf6 12. Qe2 Nd7 13. f4 f6 14. fxe5
Nxe5 15. Bf4 Nc6 16. Re1 Qc8 17. Nc3 Kf7 18. Nxd5 Bxd5 19. Qh5+ g6 20. Qxd5+
Kg7 21. c3 {shally resigns} 1-0

[Event "ICS rated standard match"]
[Site "204.178.125.65"]
[Date "2001.01.15"]
[Round "?"]
[White "Hossa"]
[Black "Bootemout"]
[Result "0-1"]
[WhiteElo "2309"]
[BlackElo "2054"]
[PlyCount "118"]
[EventDate "2001.??.??"]

1. e4 e5 2. Nf3 Nc6 3. Nc3 d6 4. d4 exd4 5. Nxd4 Bd7 6. Nxc6 Bxc6 7. Bb5 Bxb5
8. Nxb5 Nf6 9. Qe2 Be7 10. Bf4 O-O 11. O-O Re8 12. c4 a6 13. Nd4 Nd7 14. Nf5
Bf6 15. f3 Ne5 16. Bxe5 Rxe5 17. f4 Re8 18. Qd3 Qc8 19. Rf2 Qe6 20. Re2 g6 21.
Nd4 Qg4 22. Rf2 c5 23. Nb3 a5 24. Qxd6 Re6 25. Qd5 Rd8 26. Qxb7 a4 27. f5 Red6
28. fxg6 Rd1+ 29. Rxd1 Rxd1+ 30. Rf1 Rxf1+ 31. Kxf1 hxg6 32. Qa8+ Kg7 33. Qxa4
Qd1+ 34. Kf2 Qc2+ 35. Kf1 Qd1+ 36. Kf2 Bd4+ 37. Nxd4 Qxa4 38. Nb3 Qxc4 39. Ke3
Qc2 40. h4 c4 41. Nc5 Qxb2 42. g4 Qxa2 43. Kd4 Qe2 44. h5 g5 45. Kc3 Qxg4 46.
Kb4 Qe2 47. Kc3 g4 48. Kb4 g3 49. Na4 Qxe4 50. Nc3 Qd3 51. h6+ Kxh6 52. Na4
Qb3+ 53. Kc5 Qxa4 54. Kd5 c3 55. Kc5 c2 56. Kd5 c1=Q 57. Kd6 Qd4+ 58. Ke7 Kg7
59. Ke8 Qce3# {Hossa checkmated} 0-1

[Event "ICS rated standard match"]
[Site "204.178.125.65"]
[Date "2001.01.15"]
[Round "?"]
[White "Amateur"]
[Black "Hossa"]
[Result "0-1"]
[WhiteElo "2306"]
[BlackElo "2272"]
[PlyCount "184"]
[EventDate "2001.??.??"]

1. c4 e5 2. Nc3 Nc6 3. g3 f5 4. Bg2 Nf6 5. Nf3 e4 6. Ng1 Bc5 7. Nh3 O-O 8. O-O
d6 9. d3 exd3 10. exd3 Re8 11. Bf4 Nd4 12. Qd2 c6 13. Rae1 Ne6 14. Be3 Ng4 15.
d4 Bb6 16. d5 Nxe3 17. fxe3 cxd5 18. Qxd5 g6 19. Re2 a6 20. Na4 Ba7 21. Nc3 Kh8
22. Qd3 Nc5 23. Qd2 Nd7 24. Rf4 Ne5 25. b3 Rb8 26. Nd5 b5 27. cxb5 axb5 28. Qb4
Bb7 29. Nf2 Bc5 30. Qd2 b4 31. Kh1 Bc6 32. Re1 Rf8 33. Nh3 g5 34. Rff1 Bb5 35.
Rg1 Ba6 36. Rc1 Rf7 37. Rgd1 Qg8 38. Nf2 Qg6 39. Qb2 Qg7 40. Rc2 Rc8 41. Qc1
Rff8 42. Qd2 Qa7 43. Rdc1 Rfe8 44. Re1 Bb5 45. Rec1 Bc6 46. Nh3 Bxd5 47. Bxd5
Bxe3 48. Rxc8 Bxd2 49. Rxe8+ Kg7 50. Rc2 Be3 51. Kg2 Qa5 52. Bb7 h6 53. Ra8 Qb5
54. Rc7+ Nf7 55. Ng1 Bxg1 56. Re7 Qb6 57. Kh1 Qf2 58. Bg2 f4 59. Raa7 Qxa7 60.
Rxa7 Bxa7 61. Bd5 fxg3 62. hxg3 Kf6 63. Kg2 Ne5 64. Bg8 Nd3 65. Bh7 Nc1 66. Bb1
Ne2 67. Bc2 Nc3 68. Kh3 Nxa2 69. Kg4 Nc3 70. Bd3 d5 71. Kh5 Ne4 72. Bb5 Kg7 73.
Kg4 d4 74. Kf3 Nd2+ 75. Ke2 Nxb3 76. g4 Nc5 77. Kd1 Ne4 78. Kc1 Nf2 79. Bd7 d3
80. Kd2 Ne4+ 81. Ke1 b3 82. Bb5 Bf2+ 83. Kf1 d2 84. Ke2 Be1 85. Bd3 Nc3+ 86.
Ke3 d1=Q 87. Kd4 Qxg4+ 88. Kc5 Bf2+ 89. Kd6 Qc8 90. Be4 Bc5+ 91. Ke5 Qe8+ 92.
Kf5 Qxe4# {Amateur checkmated} 0-1

[Event "ICS rated standard match"]
[Site "204.178.125.65"]
[Date "2001.01.15"]
[Round "?"]
[White "Hossa"]
[Black "kingkiller2"]
[Result "1-0"]
[WhiteElo "2290"]
[BlackElo "1997"]
[PlyCount "61"]
[EventDate "2001.??.??"]

1. e4 d5 2. exd5 Qxd5 3. d4 c5 4. Be3 cxd4 5. Nc3 Qd6 6. Nb5 Qd8 7. Qxd4 Qxd4
8. Bxd4 Na6 9. Nxa7 Bd7 10. Bb5 e5 11. Bxd7+ Kxd7 12. Be3 Bb4+ 13. c3 Bc5 14.
Nb5 Bxe3 15. fxe3 Nf6 16. Rd1+ Kc6 17. Nd6 Ng4 18. Nxf7 Rhf8 19. h3 Nxe3 20.
Nxe5+ Kb5 21. c4+ Nxc4 22. Rd5+ Nc5 23. a4+ Kb4 24. Rd4 Rae8 25. Rxc4+ Kb3 26.
Rxc5 Rf5 27. Ngf3 Kxb2 28. O-O Ka3 29. Nc4+ Kb4 30. Rxf5 Kxc4 31. Rc1+ {
kingkiller2 resigns} 1-0

[Event "ICS rated blitz match"]
[Site "204.178.125.65"]
[Date "2001.01.15"]
[Round "?"]
[White "PostModernist"]
[Black "Hossa"]
[Result "1-0"]
[WhiteElo "2610"]
[BlackElo "2581"]
[PlyCount "108"]
[EventDate "2001.??.??"]

1. e4 e5 2. Bc4 Nf6 3. d3 c6 4. Nf3 Be7 5. O-O d5 6. Bb3 Bg4 7. h3 Bxf3 8. Qxf3
dxe4 9. dxe4 Nbd7 10. Nc3 O-O 11. Rd1 Qc7 12. Qg3 Kh8 13. Be3 Bb4 14. f3 Bxc3
15. bxc3 Nb6 16. a4 Nbd7 17. a5 b6 18. axb6 Nxb6 19. Bc5 Rfd8 20. Rxd8+ Rxd8
21. Bd4 Re8 22. Ra5 Nfd7 23. Bxf7 Re7 24. Bb3 c5 25. Bf2 Nc8 26. Ra4 Ndb6 27.
Ra1 c4 28. Ba2 Na4 29. Be1 a5 30. Rd1 Nd6 31. Rd5 Nf7 32. Qh4 Re8 33. Qg4 Nd6
34. Kh2 g6 35. Bg3 Nxc3 36. Rxe5 Qf7 37. Rxe8+ Qxe8 38. Bxd6 Nxa2 39. Qg5 h5
40. Qxa5 Qe6 41. Bb8 c3 42. Be5+ Kg8 43. Bxc3 Nxc3 44. Qxc3 Qe7 45. Qc4+ Kf8
46. f4 Qd6 47. e5 Qd2 48. Qc5+ Ke8 49. Qc6+ Kd8 50. Qf6+ Kc8 51. e6 Qd6 52. Kg3
Qc5 53. Qf7 Qc3+ 54. Kh4 Qe1+ {Hossa resigns} 1-0

[Event "ICS rated blitz match"]
[Site "204.178.125.65"]
[Date "2001.01.15"]
[Round "?"]
[White "Hossa"]
[Black "PostModernist"]
[Result "0-1"]
[WhiteElo "2566"]
[BlackElo "2625"]
[PlyCount "110"]
[EventDate "2001.??.??"]

1. e4 e6 2. d4 d5 3. Nd2 c5 4. exd5 Qxd5 5. dxc5 Bxc5 6. Ngf3 Nf6 7. Bc4 Qh5 8.
O-O O-O 9. Nb3 Bb6 10. Qe2 Nc6 11. Bf4 a5 12. a4 Qf5 13. Be3 Bxe3 14. fxe3 Bd7
15. Bd3 Qh5 16. Bb5 Rfd8 17. Rad1 Nb4 18. Bxd7 Nxd7 19. c3 Nd5 20. Qb5 Qg6 21.
g3 b6 22. Rd4 Qh6 23. e4 N5f6 24. Qd3 Qh5 25. e5 Nd5 26. c4 Nb4 27. Qd2 Ra7 28.
Ng5 Rf8 29. Rh4 Qg6 30. Nxh7 Rfa8 31. Ng5 Nxe5 32. c5 bxc5 33. Ne4 c4 34. Nxa5
Rxa5 35. Qxb4 Rxa4 36. Qe7 Ra1 37. Rxa1 Rxa1+ 38. Kg2 Ra8 39. Qb7 Rf8 40. Qb5
f6 41. Qa6 Qf7 42. Nc5 Rb8 43. Qd6 Rxb2+ 44. Kh1 Qe8 45. Qxe6+ Qxe6 46. Nxe6
Nf3 47. Rh5 c3 48. Nf4 Rd2 49. g4 c2 50. Nd3 Rxd3 51. Kg2 c1=Q 52. Rh8+ Kxh8
53. g5 Qd2+ 54. Kg3 Nxh2+ 55. Kh4 Qxg5# {Hossa checkmated} 0-1

[Event "ICS rated blitz match"]
[Site "204.178.125.65"]
[Date "2001.01.15"]
[Round "?"]
[White "Amateur"]
[Black "Hossa"]
[Result "1-0"]
[WhiteElo "2595"]
[BlackElo "2553"]
[PlyCount "151"]
[EventDate "2001.??.??"]

1. d4 Nf6 2. c4 e6 3. Nc3 Bb4 4. e3 O-O 5. Bd3 d5 6. Nge2 c5 7. O-O cxd4 8.
exd4 dxc4 9. Bxc4 Nc6 10. a3 Ba5 11. Bg5 Bb6 12. Ne4 Nxd4 13. N2g3 Kh8 14. Nxf6
gxf6 15. Bh6 Rg8 16. Qh5 Bd7 17. Qxf7 Rg6 18. Be3 Rc8 19. Rac1 Rc6 20. Bd3 Rxc1
21. Rxc1 f5 22. Bf4 Nf3+ 23. gxf3 Bd4 24. Bc7 Qe8 25. Qxe8+ Bxe8 26. b3 Bb2 27.
Rc2 Bf6 28. f4 Bc6 29. Be5 Kg8 30. b4 Bd8 31. Bb5 Bxb5 32. Rc8 Bc6 33. Rxd8+
Kf7 34. Rh8 Rh6 35. Rc8 Rg6 36. Rc7+ Kg8 37. h4 Bf3 38. a4 a6 39. Kf1 h5 40.
Rc3 Bc6 41. Nxh5 Kf7 42. Ng3 Rg8 43. Ke2 Rd8 44. a5 Kg8 45. h5 Kf7 46. Ke3 Rd1
47. h6 Kg6 48. Bg7 Bb5 49. Bf8 Rd8 50. Be7 Rd1 51. Bg5 Rd7 52. f3 Rh7 53. Kd4
Rd7+ 54. Ke5 Kf7 55. Rc5 Rd1 56. h7 Kg7 57. Rc7+ Rd7 58. Nh5+ Kh8 59. Rc8+ Kxh7
60. Nf6+ Kg6 61. Nxd7 Bxd7 62. Rc7 Bb5 63. Rxb7 Bc4 64. Re7 Bb5 65. Rxe6+ Kg7
66. Kxf5 Bd7 67. Ke5 Bb5 68. f5 Kg8 69. Kf6 Bd3 70. Rb6 Bc2 71. Rb8+ Kh7 72.
Kf7 Bb3+ 73. Kf8 Bd5 74. Rb6 Bc6 75. Rxc6 Kh8 76. Rh6# {Hossa checkmated} 1-0

[Event "ICS rated blitz match"]
[Site "204.178.125.65"]
[Date "2001.01.15"]
[Round "?"]
[White "Hossa"]
[Black "Amateur"]
[Result "0-1"]
[WhiteElo "2539"]
[BlackElo "2609"]
[PlyCount "64"]
[EventDate "2001.??.??"]

1. d4 e6 2. e4 d5 3. Nd2 Nf6 4. e5 Nfd7 5. Ngf3 c5 6. c3 cxd4 7. cxd4 Nc6 8.
Bd3 Qb6 9. Nb3 a5 10. a4 Bb4+ 11. Kf1 f6 12. Be3 fxe5 13. Nxe5 O-O 14. Nxd7
Bxd7 15. Qc2 h6 16. Nc5 Bxc5 17. dxc5 Qc7 18. Bh7+ Kh8 19. Bg6 d4 20. Bd2 Ne5
21. Be4 Rac8 22. Qb3 Qxc5 23. Kg1 Nc4 24. Be1 Bc6 25. Bxc6 Qxc6 26. Qd3 Qc5 27.
Qe2 Qd5 28. Rd1 e5 29. b3 Na3 30. Qd3 Nc2 31. f3 Nxe1 32. Rxe1 Rc3 {
Hossa resigns} 0-1

[Event "ICS rated blitz match"]
[Site "204.178.125.65"]
[Date "2001.01.15"]
[Round "?"]
[White "Amateur"]
[Black "Hossa"]
[Result "1-0"]
[WhiteElo "2622"]
[BlackElo "2512"]
[PlyCount "159"]
[EventDate "2001.??.??"]

1. e4 c5 2. Nc3 Nc6 3. g3 g6 4. Bg2 Bg7 5. d3 d6 6. Be3 Nf6 7. Nf3 O-O 8. O-O
Ng4 9. Bg5 f5 10. Qe2 fxe4 11. Qxe4 Bf5 12. Qc4+ Rf7 13. Rae1 Qf8 14. Nh4 Bxc3
15. bxc3 Nce5 16. Qb3 c4 17. Qxb7 Rb8 18. Qxa7 e6 19. Qa4 cxd3 20. f3 Ra8 21.
Qd4 Nc6 22. Qb6 Nge5 23. f4 Rb8 24. Qf2 Bg4 25. Qe3 Nc4 26. Qxd3 d5 27. h3 Qc5+
28. Kh2 Nb2 29. Qe3 Qxe3 30. Rxe3 Nc4 31. Ree1 h6 32. Bxh6 Kh7 33. Bg5 Bf5 34.
Nxf5 gxf5 35. Rxe6 N6a5 36. Bxd5 Rd7 37. Bxc4 Nxc4 38. Rf2 Rb2 39. Rf6 Ne3 40.
Re2 Rxa2 41. g4 Rxc2 42. Rxc2 Nxc2 43. Rxf5 Rd2+ 44. Kg3 Rd3+ 45. Kh4 Ne1 46.
Be7 Rxc3 47. Rh5+ Kg7 48. Kg5 Nf3+ 49. Kf5 Nd4+ 50. Ke4 Ne2 51. Bd6 Ng3+ 52.
Kd4 Ne2+ 53. Kd5 Kf7 54. h4 Rd3+ 55. Kc6 Nd4+ 56. Kd7 Rg3 57. g5 Nf5 58. Rh8
Nxd6 59. Kxd6 Kg6 60. h5+ Kf5 61. Rf8+ Ke4 62. g6 Rg4 63. Rf7 Kf3 64. g7 Rg3
65. Ke7 Kf2 66. h6 Re3+ 67. Kf8 Rh3 68. Rf6 Rc3 69. g8=Q Rc8+ 70. Kg7 Rxg8+ 71.
Kxg8 Ke2 72. h7 Kd1 73. Rd6+ Ke2 74. f5 Ke3 75. f6 Kf3 76. h8=Q Kf4 77. f7 Kf5
78. f8=Q+ Kg5 79. Qhg7+ Kh4 80. Rh6# {Hossa checkmated} 1-0

[Event "ICS rated blitz match"]
[Site "204.178.125.65"]
[Date "2001.01.15"]
[Round "?"]
[White "Hossa"]
[Black "Tinker"]
[Result "1/2-1/2"]
[WhiteElo "2501"]
[BlackElo "2487"]
[PlyCount "62"]
[EventDate "2001.??.??"]

1. Nf3 c5 2. g3 Nf6 3. Bg2 b6 4. O-O Bb7 5. d3 d5 6. Na3 h6 7. c4 e6 8. Bf4 Bd6
9. Bxd6 Qxd6 10. cxd5 exd5 11. d4 O-O 12. Bh3 Nc6 13. Nb5 Qe7 14. Nc3 cxd4 15.
Nxd4 Qb4 16. Nb3 d4 17. Nb1 Rad8 18. Na3 Rfe8 19. Bg2 Qe7 20. Nb5 Ba8 21. Rc1
Qe5 22. Bxc6 Bxc6 23. N5xd4 Bd5 24. Qc2 Bxb3 25. Nxb3 Qxe2 26. Qxe2 Rxe2 27.
Rb1 Ng4 28. Rfe1 Rde8 29. Rf1 Rd8 30. Rfe1 Rde8 31. Rf1 Rd8 {
Game drawn by repetition} 1/2-1/2

[Event "ICS rated blitz match"]
[Site "204.178.125.65"]
[Date "2001.01.16"]
[Round "?"]
[White "Hossa"]
[Black "Greb"]
[Result "1-0"]
[WhiteElo "2483"]
[BlackElo "1927"]
[PlyCount "45"]
[EventDate "2001.??.??"]

1. Nf3 e6 2. d4 d5 3. Bg5 Be7 4. Bxe7 Nxe7 5. e3 O-O 6. Bd3 b6 7. b4 h6 8. O-O
a5 9. b5 c5 10. dxc5 bxc5 11. Nc3 Nd7 12. e4 Nb6 13. exd5 exd5 14. Ne5 Bf5 15.
Bxf5 Nxf5 16. Nc6 Qd6 17. Re1 Kh8 18. Qd3 Qg6 19. Nxd5 Nxd5 20. Qxd5 Nh4 21. c4
Rfe8 22. Ne5 Qg5 23. Nxf7+ {Greb resigns} 1-0

[Event "ICS rated blitz match"]
[Site "204.178.125.65"]
[Date "2001.01.16"]
[Round "?"]
[White "Greb"]
[Black "Hossa"]
[Result "0-1"]
[WhiteElo "1926"]
[BlackElo "2484"]
[PlyCount "42"]
[EventDate "2001.??.??"]

1. c4 e5 2. Nc3 d6 3. g3 Nc6 4. Bg2 Nf6 5. e3 Be7 6. Nge2 O-O 7. O-O Nb4 8. d4
c6 9. a3 Na6 10. b4 Bg4 11. Qc2 Qd7 12. Bb2 Bh3 13. Rad1 Bxg2 14. Kxg2 Qe6 15.
Ne4 Nxe4 16. Qxe4 Qxc4 17. Nc3 Qb3 18. Rd2 f5 19. Qf3 exd4 20. exd4 f4 21. Qe4
Bg5 {Greb resigns} 0-1

[Event "ICS rated standard match"]
[Site "204.178.125.65"]
[Date "2001.01.16"]
[Round "?"]
[White "Hossa"]
[Black "diep"]
[Result "1/2-1/2"]
[WhiteElo "2295"]
[BlackElo "2536"]
[PlyCount "285"]
[EventDate "2001.??.??"]

1. Nf3 d5 2. b3 Nf6 3. Bb2 e6 4. e3 Be7 5. Be2 O-O 6. d4 Ne4 7. c3 b6 8. Nbd2
Nd7 9. Nxe4 dxe4 10. Nd2 Bb7 11. O-O a5 12. Qc2 f5 13. a4 Bd5 14. Rfe1 Qe8 15.
Bb5 Rd8 16. Ba3 Bxa3 17. Rxa3 e5 18. Raa1 Qe7 19. Nf1 c6 20. Bc4 Bxc4 21. bxc4
Qf7 22. Nd2 Kh8 23. Rf1 Qe6 24. Rab1 Rfe8 25. f4 exf4 26. Rxf4 Re7 27. Rbf1 g6
28. Rh4 Kg7 29. Qb1 Ree8 30. Rhf4 h5 31. R4f2 Rb8 32. Rf4 Nf6 33. Qe1 Rf8 34.
h3 Rbe8 35. Qh4 b5 36. axb5 cxb5 37. cxb5 Nd5 38. Ra1 Nxc3 39. Qe1 Ra8 40. Rf2
Nxb5 41. Nf1 a4 42. Qb4 Qa6 43. Rb2 Rfb8 44. Qe7+ Kg8 45. g4 fxg4 46. hxg4 Nc3
47. Rxb8+ Rxb8 48. gxh5 gxh5 49. Qg5+ Kh7 50. Qxh5+ Qh6 51. Qxh6+ Kxh6 52. Kg2
Kg6 53. Rc1 Rb2+ 54. Kh3 Nb5 55. Ng3 a3 56. Rc6+ Kf7 57. Ra6 Rb3 58. Nf5 Nc3
59. Nd6+ Kf8 60. Kg4 a2 61. Nxe4 Nxe4 62. Rxa2 Rxe3 63. d5 Nd6 64. Rd2 Kg7 65.
Kf4 Re1 66. Kf3 Rf1+ 67. Ke2 Ra1 68. Rd1 Ra4 69. Kd3 Ra3+ 70. Kd4 Kf6 71. Kc5
Ne4+ 72. Kc6 Rc3+ 73. Kd7 Rc2 74. d6 Nc5+ 75. Kc7 Ne6+ 76. Kd7 Rf2 77. Rh1 Ng5
78. Rh6+ Kf7 79. Rh5 Rg2 80. Kc7 Ne6+ 81. Kd7 Nd4 82. Rd5 Rd2 83. Kc8 Rc2+ 84.
Kd7 Rc4 85. Re5 Rc1 86. Rd5 Nb3 87. Rf5+ Kg6 88. Rd5 Kf6 89. Kd8 Rc2 90. d7 Kf7
91. Rf5+ Ke6 92. Ke8 Kxf5 93. d8=Q Re2+ 94. Kf7 Ke4 95. Qa8+ Kd4 96. Qa4+ Kc3
97. Qc6+ Kd4 98. Qf6+ Re5 99. Qd6+ Ke4 100. Qc6+ Kd3 101. Qa6+ Kc3 102. Kf6 Re1
103. Qc6+ Kd3 104. Qf3+ Kc4 105. Qf2 Ra1 106. Qc2+ Kb4 107. Qd3 Ra2 108. Qe4+
Kb5 109. Qb7+ Kc4 110. Qc7+ Kb5 111. Qd7+ Kc4 112. Qg4+ Kb5 113. Qf5+ Kc4 114.
Qf1+ Kd5 115. Qf3+ Kc4 116. Kg5 Rd2 117. Qf7+ Kc3 118. Qc7+ Kd3 119. Qh7+ Kc4
120. Qg8+ Kc3 121. Qc8+ Kd3 122. Qa6+ Kd4 123. Kf4 Rf2+ 124. Kg3 Rc2 125. Kg4
Rg2+ 126. Kf3 Rc2 127. Qd6+ Kc3 128. Ke3 Na5 129. Qf6+ Kb4 130. Qb6+ Ka4 131.
Kd3 Ra2 132. Qd4+ Kb3 133. Qd5+ Kb2 134. Qe5+ Kc1 135. Qe1+ Kb2 136. Qb4+ Kc1
137. Qc5+ Kb2 138. Qc3+ Kb1 139. Ke4 Ra4+ 140. Kd5 Ra2 141. Ke5 Rh2 142. Kf4
Ra2 143. Kf3 {Game drawn by the 50 move rule} 1/2-1/2

[Event "ICS rated blitz match"]
[Site "204.178.125.65"]
[Date "2001.01.16"]
[Round "?"]
[White "PostModernist"]
[Black "Hossa"]
[Result "0-1"]
[WhiteElo "2553"]
[BlackElo "2485"]
[PlyCount "106"]
[EventDate "2001.??.??"]

1. d4 e6 2. c4 Nf6 3. Nf3 c5 4. e3 cxd4 5. exd4 d5 6. Nc3 Nc6 7. cxd5 Nxd5 8.
Bd3 Bb4 9. Qc2 Nxc3 10. bxc3 Nxd4 11. Nxd4 Qxd4 12. Bb5+ Kf8 13. Bb2 Qe5+ 14.
Be2 Bd6 15. Rd1 Kg8 16. Qd2 Be7 17. Qd8+ Bf8 18. Qe8 Qc5 19. Rd8 g6 20. O-O Kg7
21. Bg4 Qe7 22. Bxe6 Qxe8 23. c4+ Kh6 24. Rxe8 Bg7 25. Bxg7+ Kxg7 26. Rxh8 Kxh8
27. Bxf7 Bf5 28. Re1 Rd8 29. f3 h5 30. g4 hxg4 31. fxg4 Bxg4 32. Bxg6 Rd2 33.
a3 Kg7 34. Be4 b6 35. Re3 Be2 36. Bd5 Kf6 37. Re6+ Kf5 38. Re7 b5 39. Rxa7 Bxc4
40. Rf7+ Ke5 41. Bxc4 bxc4 42. Rc7 Kd4 43. Rd7+ Ke3 44. Rc7 Kd3 45. h4 c3 46.
h5 c2 47. a4 Rd1+ 48. Kg2 c1=Q 49. Rxc1 Rxc1 50. Kf3 Rc4 51. a5 Rh4 52. a6 Rxh5
53. a7 Ra5 {PostModernist resigns} 0-1

[Event "ICS rated blitz match"]
[Site "204.178.125.65"]
[Date "2001.01.17"]
[Round "?"]
[White "Hossa"]
[Black "gambitmaster"]
[Result "1-0"]
[WhiteElo "2504"]
[BlackElo "2542"]
[PlyCount "110"]
[EventDate "2001.??.??"]

1. d4 Nf6 2. c4 g6 3. Nc3 Bg7 4. Nf3 d5 5. Qb3 dxc4 6. Qxc4 O-O 7. e4 Na6 8.
Be2 c5 9. dxc5 Qa5 10. e5 Ng4 11. O-O Qxc5 12. Bf4 Be6 13. Qxc5 Nxc5 14. h3 Nh6
15. Rfd1 Rad8 16. Be3 b6 17. b4 Nd7 18. Nb5 a5 19. bxa5 bxa5 20. Nc7 Nf5 21.
Bf4 Nc5 22. Rxd8 Rxd8 23. Rc1 Na4 24. Nxe6 fxe6 25. Rc6 Nd4 26. Nxd4 Rxd4 27.
g3 Rd5 28. Bc4 Rd8 29. Ra6 Nc3 30. Bxe6+ Kf8 31. Rxa5 Ne2+ 32. Kg2 Nxf4+ 33.
gxf4 h5 34. Kf3 Bh6 35. h4 Rd4 36. Ra8+ Kg7 37. Re8 Rxf4+ 38. Kg3 Rd4 39. Rxe7+
Kh8 40. Bf7 g5 41. hxg5 Bxg5 42. Re8+ Kg7 43. Bxh5 Bh4+ 44. Kg2 Rd8 45. Re6 Rh8
46. Rg6+ Kf8 47. Bg4 Rg8 48. Rxg8+ Kxg8 49. f4 Kf7 50. f5 Be1 51. Kf3 Ke8 52.
Ke4 Bd2 53. f6 Bc3 54. Kf5 Kd8 55. e6 Bb4 {gambitmaster resigns} 1-0

[Event "ICS rated blitz match"]
[Site "204.178.125.65"]
[Date "2001.01.17"]
[Round "?"]
[White "Hossa"]
[Black "ChesterX"]
[Result "0-1"]
[WhiteElo "2529"]
[BlackElo "2610"]
[PlyCount "102"]
[EventDate "2001.??.??"]

1. d4 f5 2. g3 g6 3. Nf3 Nf6 4. Bg2 d6 5. d5 e6 6. dxe6 Bxe6 7. O-O Nc6 8. Nd4
Nxd4 9. Qxd4 c6 10. Rd1 Be7 11. Bh6 d5 12. Bf3 Rg8 13. Nd2 Ne4 14. Nxe4 fxe4
15. Qe3 Qa5 16. Bg2 g5 17. Qb3 Rg6 18. Bxg5 Rxg5 19. Bxe4 O-O-O 20. Bxh7 Qc5
21. Qc3 Qxc3 22. bxc3 Rh5 23. Bg6 Rh6 24. Bd3 Bf6 25. f3 Bxc3 26. h4 Bxa1 27.
Rxa1 d4 28. Kf2 Kc7 29. a3 c5 30. c3 c4 31. Be4 dxc3 32. Rc1 b5 33. Rxc3 a5 34.
Rc1 b4 35. axb4 axb4 36. Ra1 Kb6 37. Ke1 b3 38. Ra4 c3 39. Ra1 c2 40. Rb1
cxb1=Q+ 41. Bxb1 Bc4 42. Kf2 b2 43. f4 Re6 44. h5 Rxe2+ 45. Kf3 Re1 46. Bg6 Bd3
47. g4 b1=Q 48. f5 Rf1+ 49. Kg2 Qe1 50. f6 Qf2+ 51. Kh3 Rh1# {Hossa checkmated}
0-1